000 01038nam a22001577a 4500
041 _aukr
080 _a09
090 _bМАТ
100 _aМатвійчук Т. С.
245 _aПроблематика комедії Оскара Уайльда "Ідеальний чоловік"
260 _aОстрог
_bКАФ
_c2007
300 _a52
520 _aВступ Розділ 1. Основні аспекти творчості О.Уайльда. 1.1. Модерн та естетизм творчості Оскара Уальда. 1.2.Драматургія Оскара Уальда та її значення. Розділ 2. Особливості проблематики пєси О.Уайльда "Ідеальний чоловік". 2.1. Сюжет і персонажі комедії "Ідеальний чоловік". 2.2. Аналіз головних проблем комедії. Висновки.
_0Уайльд, Ідеальний чоловік, модерн
650 _aResearch Papers
999 _c284036
_d284036
942 _cBK